000 00581nam a22001817a 4500
003 OSt
005 20251024015813.0
008 251014b |||||||| |||| 00| 0 eng d
020 _a978-0-471-68304-9.
040 _aDWCL-Main lib
_cOC
082 _aCirc. 618.928581 P467 2007
245 _aPersonality disorders in childhood and adolescence
260 _aN. J. :
_bJohn Wiley & Sons, Inc.,
_cc2007.
300 _axcii, 725 pages ;
_c26 cm.
650 _21. Personality disorders in adolescence.
650 _22. Personality disorders in children.
942 _2ddc
_cBK-CIRC
_kCirc.
_n0
999 _c4870
_d4870